000
00308nam a22001337a 4500
008
171219b xxu||||| |||| 00| 0 eng d
020
_a
9781256439356
041
_a
eng
080
_a
37
100
_a
46
101
_a
EDU
245
_a
GOOD REASONS WITH CONTEMPORARY ARGUMENTS
_c
FAIGLEY,L
942
_2
udc
_c
BK
999
_c
39181
_d
39181